Harry Potter: la Série ! (Spécial 150e quiz) - Statistiques

Statistiques générales
  • Ce quiz a été pris 21 fois
    14 depuis la dernière actualisation
  • Le résultat moyen est 4 sur 13
Statistiques - réponses
Information Réponses % Correct
Créatrice iselou
85%
Dernière apparition 18 décembre 2020 (et encore longtemps j'espère)
69%
Première apparition 22 juillet 2020
54%
Nombre d'informations 4
46%
Nombre d'essai 9
38%
Premier quiz La Carte du Maraudeur
23%
Quiz le plus essayé La Carte du Maraudeur
23%
Dernier quiz L'Art de la Magie Noire
15%
Quiz avec le plus d'informations Poudlard
15%
Nombre d'essais 114
8%
Nombre d'informations 132
8%
Quiz le moins essayé Le livre d'Histoire de la Magie
8%
Quiz avec le moins d'informations Salle commune de Poufsouffle/ Art de la Magie noire
8%
Aucun quiz correspondant
Distribution des résultats
% des personnes avec chaque résultat
Percentile par nombre de réponses
Votre historique - résultats
Vous n’avez pas pris ce quiz depuis la dernière actualisation